Lectures on angular correlation of nuclear radiations / (Record no. 222000)

MARC details
000 -LEADER
fixed length control field 01268nam a2200325 a 4500
001 - CONTROL NUMBER
control field vtls000216103
003 - CONTROL NUMBER IDENTIFIER
control field NLI
005 - DATE AND TIME OF LATEST TRANSACTION
control field 20210602121441.0
008 - FIXED-LENGTH DATA ELEMENTS--GENERAL INFORMATION
fixed length control field 101126s1965 ii 000 0 eng
039 #9 - LEVEL OF BIBLIOGRAPHIC CONTROL AND CODING DETAIL [OBSOLETE]
-- 201011260113
-- VLOAD
040 0# - CATALOGING SOURCE
Original cataloging agency NLI
Language of cataloging eng
Transcribing agency Datasoft 1
Description conventions AACR2
041 0# - LANGUAGE CODE
Language code of text/sound track or separate title eng
044 ## - COUNTRY OF PUBLISHING/PRODUCING ENTITY CODE
MARC country code ii
082 04 - DEWEY DECIMAL CLASSIFICATION NUMBER
Classification number 539.72
100 1# - MAIN ENTRY--PERSONAL NAME
Personal name Steffen, R. M.
Fuller form of name (Rolf M.),
Dates associated with a name 1922-
9 (RLIN) 403927
245 10 - TITLE STATEMENT
Title Lectures on angular correlation of nuclear radiations /
Statement of responsibility, etc. by R. M. Steffen
260 ## - PUBLICATION, DISTRIBUTION, ETC.
Place of publication, distribution, etc. Bombay :
Name of publisher, distributor, etc. Tata Institute of Fundamental Research,
Date of publication, distribution, etc. 1965
300 ## - PHYSICAL DESCRIPTION
Extent 117, viii, iii p. ;
Dimensions 29 cm.
440 #0 - SERIES STATEMENT/ADDED ENTRY--TITLE
Title Tata Institute of Fundamental Research.
Name of part/section of a work Lectures on mathematics and physics. Physics ;
Volume/sequential designation 24
500 ## - GENERAL NOTE
General note On spine: On angular correlation of nuclear radiations
500 ## - GENERAL NOTE
General note "Delivered at the Tata Institute of Fundamental Research, Bombay."
650 #0 - SUBJECT ADDED ENTRY--TOPICAL TERM
Topical term or geographic name entry element Angular correlations (Nuclear physics)
9 (RLIN) 403928
710 2# - ADDED ENTRY--CORPORATE NAME
Corporate name or jurisdiction name as entry element Tata Institute of Fundamental Research
9 (RLIN) 135037
887 ## - NON-MARC INFORMATION FIELD
Content of non-MARC field
901 ## - LOCAL DATA ELEMENT A, LDA (RLIN)
a DB47742
b 13.09.1985
902 ## - LOCAL DATA ELEMENT B, LDB (RLIN)
a E/O 539.72 St 32
949 ## - LOCAL PROCESSING INFORMATION (OCLC)
-- VIRTUAITEM
-- 10000
-- 100
6 DBA000047742ENG
942 ## - ADDED ENTRY ELEMENTS (KOHA)
Source of classification or shelving scheme Dewey Decimal Classification
Koha item type Books
Holdings
Withdrawn status Lost status Damaged status Not for loan Collection code Home library Current library Shelving location Date acquired Total Checkouts Full call number Barcode Date last seen Price effective from Koha item type
        New English Oversized National Library of India National Library of India New English Oversized - Main Stack Division     E/O 539.72 St 32 DBA000047742ENG 02/06/2021 02/06/2021 Books
                                                                           
web counter

Copyright ©2020 The National Library of India, Govt. of India ↔ Hosted by NVLI, MOC ↔ Technology and Design by National Library of India, Ministry of Culture, Govt. of India